000 00295nam a22001217a 4500
082 _a340
_bZAF
100 _aZafar S M
245 _aBe A Competent Lawyer/
_cS M Zafar
260 _aLahore,
_bSagar Publishers
_c2014.
300 _a208,p.
650 _aCompetent Lawyer
_9127968
942 _2ddc
_cBK
999 _c612964
_d612964